000 00486nam a2200169Ia 4500
999 _c1421
_d1421
020 _a81-7040-204-2
082 _a338.1095455 JAI-;
100 _aJain, Komal Kumar
245 0 _aGrowth and instability in agriculture
260 _aBombay
_bHimalaya Publishing
_c1990
300 _a371p.
504 _aIncludes index, bibliography
650 _aAgricultural productivity - Punjab
650 _aAgriculture - Economic aspects - Punjab
650 _aFram produce - Punjab
942 _cBK